Nachbarländer von Ländern mit "T" - Sudden Death - Statistiken

Allgemein
  • Dieses Quiz wurde 148 mal gespielt
  • Das Durchschnittsergebnis liegt bei 6 aus 12
Answers on the Grid
Answers color-coded by a green-red scale on the quiz's grid according to % correct below.
Usbekistan
China
Malawi
Uganda
Laos
Österreich
Benin
Algerien
Irak
Griechenland
Niger
Iran
Venezuela
Nordmazedonien
Lettland
Frankreich
Kuwait
Botswana
Sierra Leone
Russland
 
Antwortstatistiken
Antwort % Korrekt
Tadschikistan, Turkmenistan Usbekistan
69%
Tunesien Algerien
56%
Türkei Griechenland
56%
Thailand Laos
56%
Tadschikistan China
53%
Togo Benin
51%
Tschad Niger
51%
Tschechien Österreich
51%
Türkei, Turkmenistan Iran
49%
Türkei Irak
46%
Tansania Uganda
42%
Tansania Malawi
39%
Keine übereinstimmenden Quizze gefunden
Verteilung der Resultate
Anzahl Personen mit jedem Resultat
Perzentil nach korrekt beantworteten Fragen
Ihre Resultats-Entwicklung
Sie haben dieses Quiz noch nicht gespielt